000 00757nam a22002177a 4500
003 OSt
005 20251027052642.0
008 251027b |||||||| |||| 00| 0 eng d
020 _a978-621-451-028-3
040 _aDWCL - Main Lib
_cOC
082 _aFil. 807 T253 2022
100 _aBacus, Remedios C. [and three others]
245 _aThe Teaching and Assessment of Literature Studies /
_cRemedios C. Bacus [and three others]
260 _aQuezon City, Philippines :
_bLorimar Publishing inc.,
_cc2022.
300 _axii, 142 pages :
_billustrations ;
_c26cm.
650 _a1. English Literature -- study and teaching
700 _aIonell Jay Terogo
700 _a Roselyn T. Bustos
700 _aLelani C. Dapat
942 _2ddc
_cBK - FIL
_mFil.
_n0
999 _c5162
_d5162